Legislación turística española / (Record no. 90453)

MARC details
000 -LEADER
campo de control de longitud fija 00638nam a2200193 i 4500
001 - NÚMERO DE CONTROL
campo de control 90453
003 - IDENTIFICADOR DE NÚMERO DE CONTROL
campo de control ES-MaACL
005 - FECHA Y HORA DE LA ÚLTIMA TRANSACCIÓN
campo de control 20230906180438.0
007 - CAMPO FIJO DE DESCRIPCIÓN FÍSICA--INFORMACIÓN GENERAL
campo de control de longitud fija t|
008 - DATOS DE LONGITUD FIJA--INFORMACIÓN GENERAL
campo de control de longitud fija 050120s1966 sp ||||1| spa d
110 00 - ENTRADA PRINCIPAL--NOMBRE DE ENTIDAD CORPORATIVA
Nombre de entidad corporativa o nombre de jurisdicción como elemento de entrada España.
Título de la obra Leyes, etc.
9 (RLIN) 184149
245 10 - MENCIÓN DEL TÍTULO
Título Legislación turística española /
Mención de responsabilidad, etc. [recopilación efectuada bajo la dirección de José Fernández Alvarez].
260 ## - PUBLICACIÓN, DISTRIBUCIÓN, ETC.
Lugar de publicación, distribución, etc. [Madrid :
Nombre del editor, distribuidor, etc. Subsecretaria de Turismo,
Fecha de publicación, distribución, etc. 1966]
300 ## - DESCRIPCIÓN FÍSICA
Extensión 1 t. en 2 v. ;
Dimensiones 23 cm.
500 ## - NOTA GENERAL
Nota general El vol. II, con 21 h. sueltas.
700 1# - ENTRADA AGREGADA--NOMBRE PERSONAL
Nombre de persona Fernández Alvarez, José.
9 (RLIN) 49456
852 ## - LOCALIZACIÓN
Ubicación ES-MaACL
Número de control de estantería C-47939-40
Sublocalización o colección R.67337
Holdings
Estatus retirado Estado de pérdida Estado de daño No para préstamo Biblioteca de origen Biblioteca actual Ubicación en estantería Fecha de adquisición Fuente de adquisición Total de préstamos Signatura topográfica completa Código de barras Visto por última vez Precio de reemplazo Tipo de ítem Koha
        Biblioteca del Ateneo de Madrid Biblioteca del Ateneo de Madrid Depósito 2 17/01/2008     C-47939-40 1094454 23/02/2023 23/02/2023 Libro impreso